L'amour brille sous les étoiles - Paroles - Statistiques

Statistiques générales
  • Ce quiz a été pris 67 fois
  • Le résultat moyen est 112 sur 161
Statistiques - réponses
Paroles % Correct
brille
100%
Et
98%
et
98%
étoiles
98%
La
98%
Sous
98%
sous
98%
les
96%
à
94%
L'amour
90%
se
88%
En
87%
en
87%
de
85%
Je
85%
"je
85%
je
85%
lumière
85%
un
81%
Un
81%
étrange
79%
nous
79%
Nous
79%
parfaite
79%
ce
77%
Dans
77%
dans
77%
Elle
77%
harmonie
77%
Mais
77%
terre
77%
entière
75%
lui
75%
Ça
73%
dire
73%
D'une
73%
Mon
73%
mon
73%
comment
71%
Qui?
71%
Qui
71%
roi
71%
tous
71%
avouer
69%
des
69%
deux
69%
est
69%
ils
69%
Quel
69%
secret
69%
voudrais
69%
C'est
67%
c'est
67%
cette
67%
coeur
67%
moment
67%
royal
67%
serait
67%
t'aime"
67%
tout
67%
cache
65%
exil
65%
l'air
65%
mauvais
65%
mes
65%
moquent
65%
pauvres
65%
romantique
65%
sa
65%
Sa
65%
sent
65%
t-il
65%
trop
65%
plus
63%
terrible
63%
affreux
62%
atmosphère
62%
belle
62%
derrière
62%
Impossible
62%
lourd
62%
magique
62%
problèmes
62%
rancoeur
62%
tant
62%
blessée
60%
histoire
60%
univers
60%
Vit
60%
pouilleux
58%
Quoi?
58%
règne
58%
sais
58%
Moi
56%
qu'il
56%
Si
54%
diamants
52%
leur
52%
au
48%
jettent
48%
l'infini
48%
monde
46%
ami
44%
éclaire
44%
notre,
44%
seuls
44%
espoir
42%
s'amène
42%
serons
42%
Illuminant
40%
revoir
40%
soir
40%
dit
38%
rêve
38%
sublime
38%
folle
33%
ronde
31%
vers
29%
S'ils
27%
Où?
23%
s'enfuient
23%
Aucun quiz correspondant
Distribution des résultats
% des personnes avec chaque résultat
Percentile par nombre de réponses
Votre historique - résultats
Vous n’avez pas pris ce quiz